000
00239nam a22000977a 4500
008
240507b |||||||| |||| 00| 0 eng d
020
_a
9789352920907
100
_a
NCERT
245
_a
Employability Skills-IX
260
_a
New Delhi
_b
NCERT
_c
2020
999
_c
12590
_d
12590